[Event "Titled Tuesday intern op 06th Jun Early"]
[Site "Chess.com INT"]
[Date "2023.06.06"]
[Round "5"]
[White "Weetik, Vjacheslav"]
[Black "Lorenzo de la Riva, Lazaro"]
[Result "1-0"]
[WhiteElo "2423"]
[BlackElo "2404"]
[PlyCount "89"]
[EventDate "2023.06.06"]
[EventType "swiss (blitz)"]
[EventRounds "11"]
[EventCountry "USA"]
[SourceTitle "EXT 2024"]
[Source "ChessBase"]
[SourceDate "2023.10.10"]
[SourceVersion "1"]
[SourceVersionDate "2023.10.10"]
[SourceQuality "1"]

1. d4 d5 2. c4 e6 3. Nc3 a6 4. cxd5 exd5 5. Bf4 Nf6 6. e3 Bd6 7. Bg5 c6 8. Bd3 Be6 9. Nf3 h6 10. Bh4 Nbd7 11. 0-0 0-0 12. Qc2 Qc7 13. Rab1 Rfe8 14. b4 b5 15. Bg3 Bxg3 16. hxg3 Nb6 17. a4 Nfd7 18. Rfc1 Bg4 19. axb5 Bxf3 20. bxc6 Qxc6 21. gxf3 Qf6 22. Kg2 Qg5 23. Qe2 a5 24. bxa5 Rxa5 25. Nb5 Qe7 26. Rc7 Rea8 27. Rbc1 Ra2 28. R1c2 Ra1 29. f4 Qe6 30. Qh5 Nc4 31. Nc3 Nf6 32. Qe2 Nd6 33. Nb5 Nde4 34. f3 Nd6 35. R7c6 Rh1 36. Kxh1 Qh3+ 37. Kg1 Ra1+ 38. Rc1 Qxg3+ 39. Qg2 Rxc1+ 40. Rxc1 Qh4 41. Nxd6 g5 42. Nf5 Qh5 43. Nxh6+ Qxh6 44. Qxg5+ Qxg5+ 45. fxg5 1-0

[Event "Titled Tuesday intern op 30th May Early"]
[Site "Chess.com INT"]
[Date "2023.05.30"]
[Round "4"]
[White "Ardila, Oscar Humberto"]
[Black "Lorenzo de la Riva, Lazaro"]
[Result "0-1"]
[WhiteElo "1982"]
[BlackElo "2404"]
[PlyCount "84"]
[EventDate "2023.05.30"]
[EventType "swiss (blitz)"]
[EventRounds "11"]
[EventCountry "USA"]
[SourceTitle "CBM 214 Extra"]
[Source "ChessBase"]
[SourceDate "2023.07.31"]
[SourceVersion "1"]
[SourceVersionDate "2023.07.31"]
[SourceQuality "1"]

1. d4 Nf6 2. c4 e5 3. dxe5 Ng4 4. Nf3 Bc5 5. e3 Nc6 6. Be2 0-0 7. 0-0 Re8 8. Nbd2 Ngxe5 9. Nxe5 Nxe5 10. Nf3 a5 11. Bd2 d6 12. Nxe5 dxe5 13. Bc3 Qe7 14. Bf3 c6 15. e4 Be6 16. Qe2 f6 17. Rfd1 a4 18. Rd2 Qf7 19. b3 axb3 20. axb3 Rxa1+ 21. Bxa1 Ra8 22. Ra2 Rb8 23. h3 b5 24. cxb5 cxb5 25. Rc2 Bf8 26. Bg4 Bxb3 27. Rd2 Bc4 28. Rd7 Bxe2 29. Rxf7 Kxf7 30. Bxe2 Bc5 31. Kf1 Bd4 32. Bxd4 exd4 33. Ke1 Ke6 34. Kd2 Kd6 35. Kc2 Kc5 36. Kb3 Rd8 37. Bd3 Ra8 38. Kb2 b4 39. f4 Ra3 40. Bc2 Re3 41. Kb1 d3 42. Bb3 Rxe4 0-1

[Event "Titled Tuesday intern op 16th May Early"]
[Site "Chess.com INT"]
[Date "2023.05.16"]
[Round "3"]
[White "Kvaloy, Aksel Bu"]
[Black "Lorenzo de la Riva, Lazaro"]
[Result "1-0"]
[WhiteElo "2321"]
[BlackElo "2404"]
[PlyCount "137"]
[EventDate "2023.05.16"]
[EventType "swiss (blitz)"]
[EventRounds "11"]
[EventCountry "USA"]
[SourceTitle "CBM 214 Extra"]
[Source "ChessBase"]
[SourceDate "2023.07.31"]
[SourceVersion "1"]
[SourceVersionDate "2023.07.31"]
[SourceQuality "1"]

1. e4 c5 2. Nf3 Nc6 3. d4 cxd4 4. Nxd4 Nf6 5. Nc3 e6 6. Ndb5 Bb4 7. a3 Bxc3+ 8. Nxc3 d5 9. exd5 exd5 10. Bd3 0-0 11. 0-0 d4 12. Ne2 Bg4 13. f3 Bh5 14. Bg5 Bg6 15. Bxg6 hxg6 16. Qd2 Qb6 17. Kh1 Rfd8 18. Rfd1 Rac8 19. b3 Ne5 20. Nxd4 Rd7 21. Qe3 Re8 22. Bxf6 gxf6 23. f4 Qd8 24. Qg1 Ng4 25. Rd3 Re4 26. Rad1 Qe8 27. c3 Ne3 28. Re1 Nf5 29. Rxe4 Qxe4 30. Rd1 Qxf4 31. Nxf5 Qxf5 32. Rxd7 Qxd7 33. h3 b6 34. Qd4 Qxd4 35. cxd4 Kf8 36. Kg1 Ke7 37. Kf2 Kd6 38. g4 g5 39. Ke3 Kd5 40. Kd3 a6 41. a4 a5 42. Ke3 Kd6 43. Ke4 Ke6 44. d5+ Kd6 45. Kf5 Kxd5 46. Kxf6 Kc5 47. Kxg5 Kb4 48. h4 Kxb3 49. h5 Kxa4 50. h6 b5 51. h7 b4 52. h8Q b3 53. Qb2 Kb4 54. Kf6 a4 55. Kxf7 a3 56. Qd4+ Kb5 57. Qc3 Ka4 58. Qc4+ Ka5 59. Qxb3 a2 60. Qxa2+ Kb4 61. Qd5 Kc3 62. Qe4 Kb2 63. Qd3 Kc1 64. Qe2 Kb1 65. Ke6 Ka1 66. Kd5 Kb1 67. Kc4 Kc1 68. Kb3 Kb1 69. Qe1# 1-0

[Event "Titled Tuesday intern op 16th May Early"]
[Site "Chess.com INT"]
[Date "2023.05.16"]
[Round "7"]
[White "Lorenzo de la Riva, Lazaro"]
[Black "Begmuratov, Alisher"]
[Result "0-1"]
[WhiteElo "2404"]
[BlackElo "2395"]
[PlyCount "80"]
[EventDate "2023.05.16"]
[EventType "swiss (blitz)"]
[EventRounds "11"]
[EventCountry "USA"]
[SourceTitle "CBM 214 Extra"]
[Source "ChessBase"]
[SourceDate "2023.07.31"]
[SourceVersion "1"]
[SourceVersionDate "2023.07.31"]
[SourceQuality "1"]

1. Nf3 d5 2. g3 c5 3. c4 dxc4 4. Na3 Nf6 5. Nxc4 g6 6. Bg2 Bg7 7. 0-0 0-0 8. d3 Nc6 9. Rb1 Be6 10. a3 Nd5 11. Bd2 Qd7 12. Ng5 Nb6 13. Nxe6 Qxe6 14. Nxb6 axb6 15. b4 c4 16. dxc4 Qxc4 17. b5 Nd4 18. e3 Nxb5 19. Rb4 Qc5 20. a4 Nc3 21. Bxc3 Bxc3 22. Re4 Rfd8 23. Qb3 Rac8 24. Rc1 e6 25. Rf4 Qe5 26. Bxb7 Rc7 27. Bf3 Rd2 28. Qxb6 Kg7 29. h4 Ba5 30. Qb1 Rxc1+ 31. Qxc1 Ra2 32. Bc6 Ra1 33. Qxa1 Qxa1+ 34. Kg2 Qb2 35. h5 f5 36. Rc4 Be1 37. Rf4 g5 38. Rf3 Kf6 39. a5 g4 40. e4 gxf3+ 0-1

[Event "Titled Tuesday intern op 16th May Early"]
[Site "Chess.com INT"]
[Date "2023.05.16"]
[Round "4"]
[White "Sala, Giulia"]
[Black "Lorenzo de la Riva, Lazaro"]
[Result "0-1"]
[WhiteElo "1998"]
[BlackElo "2404"]
[PlyCount "138"]
[EventDate "2023.05.16"]
[EventType "swiss (blitz)"]
[EventRounds "11"]
[EventCountry "USA"]
[SourceTitle "CBM 214 Extra"]
[Source "ChessBase"]
[SourceDate "2023.07.31"]
[SourceVersion "1"]
[SourceVersionDate "2023.07.31"]
[SourceQuality "1"]

1. d4 d6 2. e4 Nf6 3. Bd3 e5 4. d5 c6 5. c4 g6 6. Nf3 Bg7 7. 0-0 0-0 8. Be3 Ng4 9. Qc1 Nxe3 10. Qxe3 c5 11. Nc3 h6 12. h3 f5 13. exf5 gxf5 14. Nd2 Nd7 15. f3 Nf6 16. Rae1 a6 17. g4 f4 18. Qe2 b5 19. cxb5 axb5 20. Bxb5 Ne8 21. Bd3 Bf6 22. Qe4 Qe7 23. Qg6+ Qg7 24. Nc4 Qxg6 25. Bxg6 Be7 26. a4 Nc7 27. a5 Ba6 28. Bd3 Rfb8 29. Rf2 Rb4 30. Nb6 Bxd3 31. Nxa8 Nxa8 32. Rd2 Ba6 33. Ne4 Kf7 34. Kg2 Rb5 35. Ra1 Nc7 36. Ra3 Ne8 37. Kf2 Rb4 38. Nc3 Bh4+ 39. Kg2 Nf6 40. Na4 e4 41. fxe4 Nxe4 42. Rd1 Bf2 43. Rf1 Be3 44. Rf3 Kg6 45. Nb6 Rxb2+ 46. Kh1 Be2 47. Rfxe3 fxe3 48. Rxe3 Ng5 49. Nc8 Ba6 50. Nxd6 Ra2 51. Ne4 Nxe4 52. Rxe4 Rxa5 53. Re6+ Kg5 54. d6 c4 55. d7 Rd5 56. Rxa6 Rxd7 57. Rc6 Rd4 58. Kg2 Kf4 59. Rxh6 Ke4 60. Rc6 Kd3 61. h4 c3 62. h5 Rc4 63. Rd6+ Ke4 64. Kh3 c2 65. Re6+ Kd5 66. Re1 c1Q 67. Rxc1 Rxc1 68. g5 Ke6 69. h6 Kf5 0-1

[Event "Titled Tuesday intern op 09th May Late"]
[Site "Chess.com INT"]
[Date "2023.05.09"]
[Round "3"]
[White "Lorenzo de la Riva, Lazaro"]
[Black "Ng, Gary"]
[Result "0-1"]
[WhiteElo "2404"]
[BlackElo "2213"]
[PlyCount "124"]
[EventDate "2023.05.09"]
[EventType "swiss (blitz)"]
[EventRounds "11"]
[EventCountry "USA"]
[SourceTitle "CBM 214 Extra"]
[Source "ChessBase"]
[SourceDate "2023.07.31"]
[SourceVersion "1"]
[SourceVersionDate "2023.07.31"]
[SourceQuality "1"]

1. f4 Nf6 2. Nf3 g6 3. h4 Bg7 4. h5 Nxh5 5. Rxh5 gxh5 6. e4 d6 7. d4 Bg4 8. c3 c6 9. Bc4 Nd7 10. e5 d5 11. Bd3 e6 12. Nbd2 Qb6 13. Nb3 0-0-0 14. a4 a5 15. Be3 f6 16. Nbd2 fxe5 17. fxe5 Nxe5 18. Be2 Nxf3+ 19. gxf3 Bf5 20. b4 axb4 21. a5 Qc7 22. a6 bxc3 23. axb7+ Kd7 24. Nb3 c2 25. Nc5+ Ke7 26. Qd2 Qh2 27. Bg5+ Bf6 28. Bxf6+ Kxf6 29. Qh6+ Bg6 30. Kd2 e5 31. Ra6 Rd6 32. Ra8 Rdd8 33. Nd7+ Rxd7 34. Rxh8 Rxb7 35. Qf8+ Rf7 36. Qd8+ Kg7 37. Rg8+ Kh6 38. Rxg6+ Kxg6 39. Qg8+ Kf6 40. dxe5+ Qxe5 41. Qh8+ Ke6 42. Qe8+ Kf6 43. Qh8+ Kf5 44. Bd3+ Ke6 45. Qe8+ Kf6 46. Qh8+ Ke6 47. Qc8+ Ke7 48. Qxc6 Qf4+ 49. Kxc2 Qxf3 50. Qc5+ Ke6 51. Qc6+ Ke5 52. Qe8+ Kd4 53. Qa4+ Ke3 54. Qb4 Rc7+ 55. Kb3 Kxd3 56. Qb5+ Ke4+ 57. Ka4 Rc4+ 58. Ka5 Qa3+ 59. Kb6 Rb4 60. Kc6 Rxb5 61. Kxb5 Qc3 62. Kb6 d4 0-1

[Event "Titled Tuesday intern op 09th May Early"]
[Site "Chess.com INT"]
[Date "2023.05.09"]
[Round "4"]
[White "Lorenzo de la Riva, Lazaro"]
[Black "Sieciechowicz, Marcin"]
[Result "1/2-1/2"]
[WhiteElo "2404"]
[BlackElo "2387"]
[PlyCount "94"]
[EventDate "2023.05.09"]
[EventType "swiss (blitz)"]
[EventRounds "11"]
[EventCountry "USA"]
[SourceTitle "CBM 214 Extra"]
[Source "ChessBase"]
[SourceDate "2023.07.31"]
[SourceVersion "1"]
[SourceVersionDate "2023.07.31"]
[SourceQuality "1"]

1. e4 e6 2. d4 d5 3. Nc3 Bb4 4. e5 c5 5. a3 Bxc3+ 6. bxc3 Qa5 7. Bd2 Qa4 8. Qg4 Kf8 9. Nf3 Nc6 10. Qf4 Qxc2 11. dxc5 b6 12. cxb6 axb6 13. Be2 Qe4 14. c4 Qxf4 15. Bxf4 dxc4 16. Bxc4 Ba6 17. Bxa6 Rxa6 18. 0-0 Nge7 19. Rfc1 h6 20. Be3 g5 21. Rab1 Kg7 22. Rxb6 Rxa3 23. h3 Rc8 24. Bc5 Raa8 25. Bd6 Ra7 26. g4 Nd8 27. Rd1 Nd5 28. Rb3 Rb7 29. Rxb7 Nxb7 30. Kg2 Nxd6 31. exd6 Rd8 32. Kg3 Rxd6 33. h4 f6 34. h5 Ra6 35. Re1 Kf7 36. Nd4 Ra3+ 37. Kg2 Nf4+ 38. Kf1 e5 39. Nf5 Rh3 40. Ng3 Ke6 41. Rb1 Rh2 42. Rb6+ Kd5 43. Rxf6 e4 44. Kg1 Rg2+ 45. Kf1 Rh2 46. Kg1 Rg2+ 47. Kf1 Rh2 1/2-1/2

[Event "Titled Tuesday intern op 02nd May Early"]
[Site "Chess.com INT"]
[Date "2023.05.02"]
[Round "4"]
[White "Lorenzo de la Riva, Lazaro"]
[Black "Buchenau, Frank"]
[Result "0-1"]
[WhiteElo "2404"]
[BlackElo "2222"]
[PlyCount "48"]
[EventDate "2023.05.02"]
[EventType "swiss (blitz)"]
[EventRounds "11"]
[EventCountry "USA"]
[SourceTitle "EXT 2024"]
[Source "ChessBase"]
[SourceDate "2023.10.10"]
[SourceVersion "1"]
[SourceVersionDate "2023.10.10"]
[SourceQuality "1"]

1. c4 e5 2. Nf3 Nc6 3. Nc3 Nf6 4. e4 Bb4 5. Bd3 d6 6. h3 0-0 7. 0-0 Nd7 8. a3 Nc5 9. Bc2 Bxc3 10. bxc3 f5 11. exf5 Bxf5 12. d4 Bxc2 13. Qxc2 Rxf3 14. gxf3 exd4 15. cxd4 Nxd4 16. Qd1 Qf6 17. Bb2 Nxf3+ 18. Kg2 Nh4+ 19. Kg3 Ne4+ 20. Kh2 Qf4+ 21. Kh1 Nf3 22. Kg2 Rf8 23. Rh1 Nh4+ 24. Kg1 Qxf2# 0-1

[Event "Titled Tuesday intern op 02nd May Early"]
[Site "Chess.com INT"]
[Date "2023.05.02"]
[Round "5"]
[White "Lorenzo de la Riva, Lazaro"]
[Black "Kostiukov, Alexandr"]
[Result "0-1"]
[WhiteElo "2404"]
[BlackElo "2271"]
[PlyCount "56"]
[EventDate "2023.05.02"]
[EventType "swiss (blitz)"]
[EventRounds "11"]
[EventCountry "USA"]
[SourceTitle "EXT 2024"]
[Source "ChessBase"]
[SourceDate "2023.10.10"]
[SourceVersion "1"]
[SourceVersionDate "2023.10.10"]
[SourceQuality "1"]

1. e4 c5 2. Nf3 g6 3. h4 h6 4. h5 g5 5. Nc3 Bg7 6. Bc4 Nc6 7. d3 e6 8. a4 Nge7 9. Nh2 d5 10. Ba2 dxe4 11. dxe4 Qxd1+ 12. Nxd1 Nb4 13. Ne3 Nec6 14. Ke2 Nd4+ 15. Kd1 0-0 16. c3 Nxa2 17. Rxa2 Nc6 18. Ke2 b6 19. f3 Ba6+ 20. Kf2 Ne5 21. Bd2 Rfd8 22. Rd1 Nc4 23. Nxc4 Bxc4 24. Raa1 Bb3 25. Ke2 Bxd1+ 26. Rxd1 Rd7 27. Be3 Rxd1 28. Kxd1 f5 0-1

[Event "Titled Tuesday intern op 25th Apr Late"]
[Site "Chess.com INT"]
[Date "2023.04.25"]
[Round "9"]
[White "Bogaudinov, Rushan"]
[Black "Lorenzo de la Riva, Lazaro"]
[Result "0-1"]
[WhiteElo "1939"]
[BlackElo "2417"]
[PlyCount "138"]
[EventDate "2023.04.25"]
[EventType "swiss (blitz)"]
[EventRounds "11"]
[EventCountry "USA"]
[SourceTitle "EXT 2024"]
[Source "ChessBase"]
[SourceDate "2023.10.10"]
[SourceVersion "1"]
[SourceVersionDate "2023.10.10"]
[SourceQuality "1"]

1. e4 e5 2. Nc3 a6 3. f4 d6 4. Nf3 Nc6 5. d4 Bg4 6. dxe5 dxe5 7. Qxd8+ Rxd8 8. Nd5 Bd6 9. Bd3 Nge7 10. 0-0 0-0 11. Nxe7+ Bxe7 12. Nxe5 Nxe5 13. fxe5 Bc5+ 14. Kh1 Bd4 15. Bf4 c6 16. h3 Bh5 17. g4 Bg6 18. Rab1 Rfe8 19. Kg2 Bxe5 20. Bxe5 Rxe5 21. Rbe1 Rde8 22. Kf3 h5 23. Kf4 b5 24. b4 f6 25. Re2 Bf7 26. a3 g5+ 27. Kf3 c5 28. bxc5 Rxc5 29. Ke3 Kg7 30. Ref2 Rc6 31. Ra1 hxg4 32. hxg4 Be6 33. Kf3 Rh8 34. Rg2 Rc5 35. Rg3 Bc4 36. Rd1 Rd8 37. Ke3 Bf7 38. Rf3 Bg6 39. Rdf1 Rd6 40. Ra1 Re5 41. a4 b4 42. a5 Rde6 43. Kd2 Bxe4 44. Rg3 Rd6 45. Ra4 b3 46. cxb3 Bg6 47. Rc4 Rxa5 48. Rc7+ Bf7 49. Kc3 Kf8 50. Rh3 Rdd5 51. b4 Ra3+ 52. Kc2 Raxd3 53. Rxd3 Bg6 54. Kc3 Rxd3+ 55. Kc4 Rd6 56. Kc5 Re6 57. Kd5 Bf7 58. Kc5 Kg7 59. Ra7 Kg6 60. Kd4 Rc6 61. Rd7 Bc4 62. Rd8 Be2 63. Rg8+ Kf7 64. Rb8 Bxg4 65. Kd5 Re6 66. Rb7+ Kg6 67. b5 Re5+ 68. Kd4 Rxb5 69. Ra7 Be2 0-1